000 00534nam a2200181Ia 4500
001 10516
005 20260306161838.0
008 260306t2008||||xx |||||||||||||| ||spa||
041 _aESP
082 _a940.1
_bH89
100 _aHuizinga, Johan
_eAUT
245 0 _aEl otoño de la edad media:
_bestudios sobre la forma de la vida y del espíritu durante los siglos XIV y XV en Francia y en los países bajos
260 _c2008
300 _a429 páginas :
_c23 cm.
650 _aGEN
654 _aCHU
942 _cLIB
_dJUS
_fJUS
_2ddc
_n
999 _c10516
_d10516